Интеграция науки и образования как условие повышения качества подготовки специалистов. Т. 13: [Секция кафедры общей педагогики | Секция кафедры возрастной и общей психологии | Секция кафедры специальной педагогики и методик обучения | Секция кафедры специальной психологии | Секция кафедры ТиМНиДО факультета ДиНО] (Запись № 578652)

Подробности
000 -МАРКЕР
контрольное поле 01746nam2a2200265 4500
001 - ИДЕНТИФИКАТОР ЗАПИСИ
контрольное поле RU\NLR\bibl\1308788
005 - ИДЕНТИФИКАТОР ВЕРСИИ
контрольное поле 20250615153320.0
021 ## - НОМЕР ГОСУДАРСТВЕННОЙ РЕГИСТРАЦИИ
Код страны Российская Федерация
Номер 2008-84615
Номер Листа государственной регистраци 4933
035 ## - ДРУГИЕ СИСТЕМНЫЕ НОМЕРА
Идентификатор записи (NLR Aleph) 001294259
100 ## - ДАННЫЕ ОБЩЕЙ ОБРАБОТКИ
Данные общей обработки 20081217d2008 |||y0rusy50 ca
101 0# - ЯЗЫК РЕСУРСА
Язык текста, звукозаписи и т.д. русский
102 ## - СТРАНА ПУБЛИКАЦИИ ИЛИ ПРОИЗВОДСТВА
Страна публикации Российская Федерация
105 ## - ПОЛЕ КОДИРОВАННЫХ ДАННЫХ: ТЕКСТОВЫЕ МАТЕРИАЛЫ, МОНОГРАФИЧЕСКИЕ
Кодированные данные о монографическом текстовом документе a |||||||||
200 1# - ЗАГЛАВИЕ И СВЕДЕНИЯ ОБ ОТВЕТСТВЕННОСТИ
Основное заглавие [Секция кафедры общей педагогики
-- Секция кафедры возрастной и общей психологии
-- Секция кафедры специальной педагогики и методик обучения
-- Секция кафедры специальной психологии
-- Секция кафедры ТиМНиДО факультета ДиНО]
Первые сведения об ответственности ... Каф. общ. педагогики, Фак. психологии и Каф. ТиМНиДО Фак. ДиНО
210 ## - ПУБЛИКАЦИЯ, РАСПРОСТРАНЕНИЕ И ДР.
Дата издания, распространения и т.д. 2008
Место издания, распространения и т.д. Б. м.
215 ## - ФИЗИЧЕСКАЯ ХАРАКТЕРИСТИКА
Специфическое обозначение материала и объем 255 с.
Другие сведения о физической характеристике ил.
300 ## - ОБЩИЕ ПРИМЕЧАНИЯ
Текст примечания Подзаг. к общ. загл.: ... 21-22 апреля 2008 г.
320 ## - ПРИМЕЧАНИЯ О НАЛИЧИИ В ДОКУМЕНТЕ БИБЛИОГРАФИИ / УКАЗАТЕЛЯ
Текст примечания Библиогр. в конце докл.
461 #0 - УРОВЕНЬ НАБОРА
Встроенное поле 001RU\NLR\bibl\1325461
-- 2001#$aИнтеграция науки и образования как условие повышения качества подготовки специалистов$vТ. 13
Системный номер (АБИС) связанной записи 678056
Место публикации Оренбург
Дата публикации 2008
Имя издателя, распространителя и т.д. ОГПУ
Сведения, относящиеся к заглавию материалы XXIX преподавательской научно-практической конференции
Заглавие Интеграция науки и образования как условие повышения качества подготовки специалистов
Номер тома Т. 13
801 #0 - ИСТОЧНИК ЗАПИСИ
Страна Российская Федерация
Организация NLR
Дата составления 20081217
Правила каталогизации RCR
801 #1 - ИСТОЧНИК ЗАПИСИ
Страна Российская Федерация
Организация NLR
Дата составления 20081217
942 ## - ДОПОЛНИТЕЛЬНЫЕ ЭЛЕМЕНТЫ ЗАПИСИ (АБИС)
Тип экземпляра АБИС Книга
980 ## - КОЛЛЕКЦИЯ
Название коллекции Национальная библиография
Экземпляры
Тип экземпляра Дата поступления Источник поступления Библиотека постоянного хранения Библиотека текущего хранения Место хранения Шифр хранения Штрих-код Статус экземпляра
Книга 17.12.2008 Обязательный экземпляр РНБ (Московский) РНБ (Московский) Русский книжный фонд: издания с 1957 года 2008-3/30281 2816040  
Книга 17.12.2008 Обязательный экземпляр РНБ (Московский) РНБ (Московский) Русский книжный фонд: издания с 1957 года 2008-3/30281 2816041